Hidrología
| Main Authors: | , , |
|---|---|
| Format: | Section = Libro |
| Language: | Undetermined Spanish |
| Published: |
Barcelona
John Wiley & Sons
1971
|
| Subjects: |
| LEADER | 00498nam a2200205Ia 4500 | ||
|---|---|---|---|
| 008 | 240829s9999 xx 000 0 und d | ||
| 040 | |a BIBLIOTECA-RUSB/ 551.49 D264 | ||
| 041 | |a spa | ||
| 082 | |a 551.49 D264 | ||
| 100 | 1 | |a Davis, Stanley N | |
| 100 | 1 | |b De Wiest | |
| 100 | 1 | |c Róger J.M | |
| 245 | 1 | 0 | |a Hidrología |
| 260 | |a Barcelona |b John Wiley & Sons |c 1971 | ||
| 300 | |a 563 p. :il. | ||
| 650 | 7 | |a HIDROLOGIA | |
| 650 | 7 | |b AGUAS SUBTERRANEAS | |
| 942 | |c BK |2 ddc | ||
| 991 | |a TEXTO | ||
| 999 | |c 2556 | ||